| 000 | 00353nam a2200145Ia 4500 | ||
|---|---|---|---|
| 008 | 150201s2010 xx 000 0 und d | ||
| 082 |
_a610.734 _bO10G |
||
| 100 | _aGUPTA, SUNANDA | ||
| 245 | _aOXFORD HB. OF WOMEN'S HEALTH NURSING | ||
| 250 | _a1ST | ||
| 260 |
_bOXFORD _aU.K. _c2010 |
||
| 300 | _a563 | ||
| 650 | _aCOMMUNITy NURSING | ||
| 942 |
_2ddc _cBK |
||
| 999 |
_c2253 _d2253 |
||